| 000 | 00456nam a2200157 a 4500 | ||
|---|---|---|---|
| 001 | 000040200 | ||
| 005 | 20201002033958.0 | ||
| 008 | 130815s1983 sp 000 0 spa d | ||
| 020 | _a843220482X | ||
| 040 |
_aDO-SdBNP _bspa _cBNPHU |
||
| 100 | 1 |
_aPaz, Octavio _950324 |
|
| 245 | 1 | 0 |
_aTiempo nublado / _cOctavio Paz. |
| 260 |
_aBarcelona : _bSeix Barral, _c1983. |
||
| 300 |
_a206 p. ; _c20 cm. |
||
| 500 | _aIncluye datos biográficos del autor en las solapas | ||
| 999 |
_c39690 _d39690 |
||